Word Ladder: Contra Code Quiz Stats

 Plays Quiz Updated Aug 7, 2017

Support Sporcle.
Go Orange.
Score 0/15 Timer 01:30
0 Plays Today
Clue 4-Letter Word % Correct
The opposite of hardSOFT
96.8%
An elevated level in a roomLOFT
91.8%
Crown of an angelHALO
91.2%
The break of dayDAWN
90.3%
Something that is thrownBALL
88%
A sign of boredomYAWN
87.8%
To search through thoroughlySIFT
87.1%
Monty of 'Let's Make a Deal'HALL
86.1%
Clue 4-Letter Word % Correct
Sediment found in waterSILT
85.6%
Holder of grainSILO
81.4%
City on HawaiiHILO
79.3%
Cry deeplyBAWL
76.8%
A two-masted shipYAWL
72.2%
3rd & 4th parts of the Contra Code•DOWN•
55.4%
5th & 7th parts of the Contra Code•LEFT•
46.4%

Today's Daily Dose

Missing Word
50 Cent Songs

Word Ladder
Close Gunshot

Quick Pick
Pop Punk Bands

Get the Picture
An 'S' in Disney

From the Vault

Movie Quote Picture Click II

by OneoftheBhoys

Movies 6m
This is basically a line-up of movie characters.
Remove Ads.
Support Sporcle.
Get the best of Sporcle when you Go Orange. This ad-free experience offers more features, more stats, and more fun while also helping to support Sporcle. Thank you for becoming a member.

Show Comments

Extras

Top Quizzes Today


Score Distribution

Your Account Isn't Verified!

In order to create a playlist on Sporcle, you need to verify the email address you used during registration. Go to your Sporcle Settings to finish the process.

Report this User

Report this user for behavior that violates our Community Guidelines.

Details: